000 00858cam a2200241 a 4500
001 000019138
005 20200929165931.0
008 840823s1983 sp b 000 0 spa d
020 _a8400053575
040 _aDO-SdBNP
_bspa
_cLC
_dBNPHU
050 0 0 _aLF4700
_b.P47 1983
082 _ann*
_bP474c
100 1 _aPeset Reig, José Luis.
_927037
245 1 0 _aCarlos IV y la universidad de Salamanca /
_cJosé Luis Peset, Mariano Peset.
260 _aMadrid :
_bConsejo Superior de Investigaciones Científicas, Instituto "Arnau de Vilanova",
_c1983.
300 _a383 p. ;
_c24 cm.
504 _aIncluye referencias bibliográficas.
600 0 0 _aCharles
_bIV,
_cKing of Spain,
_d1748-1819.
_941173
610 2 0 _aUniversidad de Salamanca
_xHistory.
_941174
700 1 _aPeset Reig, Mariano.
_941175
910 _aCatalogación derivada / LC
049 _aBNGR
999 _c18656
_d18656